Les Guerres/Conflits du 21ème siècle sur une carte - Statistiques

Statistiques générales
  • Ce quiz a été pris 1 328 fois
  • Le résultat moyen est 8 sur 13
Réponses sur la Carte
Les réponses sont colorées sur une échelle allant du rouge au vert en fonction du pourcentage des utilisateurs qui les ont devinées à leur premier essai. Vous pouvez retrouver ces pourcentages ci-dessous.
 
Statistiques - réponses
Temporalité Guerre... % Correct
2014, 2022 - Guerre russo-ukrainienne
87%
2012 - Guerre du Mali
81%
2003 - 2017 Guerre d'Irak
80%
2008 - 09, 2012, 2014 Guerres de Gaza
78%
2011, 2014 - 20 Guerres civiles libyennes
77%
(1962 - 70, 94), 2011 - Crise Yéménite
76%
2011 - Guerre civile syrienne
75%
(1979 - 89, 89 - 96), 1996 - Guerre civile en Afghanistan
73%
2004 - Inssurection islamiste au Pakistan/Khyber Pakhtunkhwa
72%
2003 - Guerre du Darfour
30%
(1988 - 94), 2016, 2020 Conflit frontalier au Haut-Karabagh
29%
2020 - Guerre du Tigré
17%
2006 - Guerre de la drogue au Mexique
16%
Aucun quiz correspondant
Distribution des résultats
% des personnes avec chaque résultat
Percentile par nombre de réponses
Votre historique - résultats
Vous n’avez pas pris ce quiz